SAS2 : (Record no. 19353)
[ view plain ]
| 000 -LEADER | |
|---|---|
| fixed length control field | 01065cam a22002658a 4500 |
| 005 - DATE AND TIME OF LATEST TRANSACTION | |
| control field | 20080915114917.0 |
| 008 - FIXED-LENGTH DATA ELEMENTS--GENERAL INFORMATION | |
| fixed length control field | 080909s2008 ii b 000 0 eng |
| 010 ## - LCCN (DPL NO) | |
| LC control number | ENG-91945 |
| 020 ## - INTERNATIONAL STANDARD BOOK NUMBER | |
| International Standard Book Number | 9788178298900 |
| Terms of availability | 595.00 |
| 035 ## - SYSTEM CONTROL NUMBER | |
| System control number | EN-75478 |
| 037 ## - SOURCE OF ACQUISITION | |
| Source of stock number/acquisition | DBAD / PUB |
| 040 ## - CATALOGING SOURCE | |
| Original cataloging agency | dpl |
| Language of cataloging | English |
| 082 ## - DEWEY DECIMAL CLASSIFICATION NUMBER | |
| Classification number | 300.72 |
| 100 ## - MAIN ENTRY--PERSONAL NAME | |
| Personal name | Chevalier, Jacques M., |
| 245 ## - TITLE STATEMENT | |
| Title | SAS2 : |
| Remainder of title | a guide to collaborative inquiry and social engagement / |
| Statement of responsibility, etc | by Jacques M. Chevalier [and] Daniel J. Buckles. |
| 246 ## - VARYING FORM OF TITLE | |
| Title proper/short title | Social analysis systems 2 (SAS2): |
| Remainder of title | a guide to collaborative inquiry and social engagement / |
| 260 ## - PUBLICATION, DISTRIBUTION, ETC. (IMPRINT) | |
| Place of publication, distribution, etc | New Delhi |
| Name of publisher, distributor, etc | SAGE Publications |
| Date of publication, distribution, etc | 2008 |
| 300 ## - PHYSICAL DESCRIPTION | |
| Extent | 315p. |
| Dimensions | 25cm (pbk) |
| 650 ## - SUBJECT ADDED ENTRY--TOPICAL TERM | |
| Topical term or geographic name as entry element | Social sciences |
| General subdivision | Research. |
| 650 ## - SUBJECT ADDED ENTRY--TOPICAL TERM | |
| Topical term or geographic name as entry element | Sociology |
| General subdivision | Research. |
| 650 ## - SUBJECT ADDED ENTRY--TOPICAL TERM | |
| Topical term or geographic name as entry element | Social sciences |
| General subdivision | Methodology. |
| 700 ## - ADDED ENTRY--PERSONAL NAME | |
| Personal name | Buckles, Daniel, |
| 942 ## - ADDED ENTRY ELEMENTS (KOHA) | |
| Source of classification or shelving scheme | Dewey Decimal Classification |
| Item type | English Books |
| Classification part | 300.72 |
| Call number suffix | CHE |
| Withdrawn status | Lost status | Source of classification or shelving scheme | Damaged status | Not for loan | Collection code | Home library | Current library | Date acquired | Source of acquisition | Cost, normal purchase price | Total Checkouts | Full call number | Barcode | Date last seen | Copy number | Cost, replacement price | Koha item type |
|---|---|---|---|---|---|---|---|---|---|---|---|---|---|---|---|---|---|
| Dewey Decimal Classification | Not For Loan | Non-fiction | D.B.Act.Division | D.B.Act.Division | 02/12/2008 | DBAD / PUB | 595.00 | 300.72 CHE | EN-75478 | 02/12/2008 | 1 | 595.00 | English Books |
